[Event "EU-chT (Men) 14th"]
[Site "Plovdiv"]
[Date "2003.10.12"]
[Round "2.1"]
[White "Kelly, Brian"]
[Black "Godena, Michele"]
[Result "1/2-1/2"]
[WhiteElo "2487"]
[BlackElo "2523"]
[PlyCount "40"]
[EventDate "2003.10.10"]
[EventType "team-swiss"]
[EventRounds "9"]
[EventCountry "BUL"]
[SourceTitle "CBM 098"]
[Source "ChessBase"]
[SourceDate "2004.02.03"]
[SourceVersion "1"]
[SourceVersionDate "2004.02.03"]
[SourceQuality "1"]
[WhiteTeam "Ireland"]
[BlackTeam "Italy"]
[WhiteTeamCountry "IRL"]
[BlackTeamCountry "ITA"]

1. d4 d5 2. c4 e6 3. Nc3 c6 4. e3 Nf6 5. Nf3 a6 6. b3 Bb4 7. Bd2 Nbd7 8. Bd3 Bd6 9. e4 dxc4 10. bxc4 e5 11. d5 Nc5 12. Bc2 0-0 13. 0-0 Bg4 14. h3 Bh5 15. Qe2 Nfd7 16. Rab1 Re8 17. Rfd1 Rc8 18. Rb2 Qe7 19. Qe3 f5 20. Rdb1 f4 1/2-1/2

[Event "EU-chT (Men) 14th"]
[Site "Plovdiv"]
[Date "2003.10.11"]
[Round "1.1"]
[White "Kortschnoj, Viktor Lvovich"]
[Black "Kelly, Brian"]
[Result "1-0"]
[WhiteElo "2580"]
[BlackElo "2487"]
[PlyCount "83"]
[EventDate "2003.10.10"]
[EventType "team-swiss"]
[EventRounds "9"]
[EventCountry "BUL"]
[SourceTitle "CBM 098"]
[Source "ChessBase"]
[SourceDate "2004.02.03"]
[SourceVersion "1"]
[SourceVersionDate "2004.02.03"]
[SourceQuality "1"]
[WhiteTeam "Switzerland"]
[BlackTeam "Ireland"]
[WhiteTeamCountry "SUI"]
[BlackTeamCountry "IRL"]

1. c4 e6 2. g3 d5 3. Bg2 Nf6 4. Nf3 dxc4 5. Qa4+ Bd7 6. Qxc4 Bc6 7. Nc3 Nbd7 8. e4 Bd6 9. Qe2 Bb4 10. e5 Nd5 11. 0-0 0-0 12. Rd1 N7b6 13. Ne4 Be7 14. b3 a5 15. a3 Qd7 16. d4 Rfd8 17. Qc2 h6 18. Bd2 Qe8 19. h4 Qf8 20. Bc1 Nd7 21. Bf1 N5b6 22. Be2 Qe8 23. Nh2 Nf8 24. Ng4 Nd5 25. Bc4 Nh7 26. a4 h5 27. Nh2 b5 28. axb5 Bxb5 29. Qe2 Bc6 30. Qxh5 Nb6 31. Bd3 f5 32. Qxe8+ Bxe8 33. Nc5 Kf7 34. Bb2 Bc6 35. Na6 Ra7 36. Rdc1 Bd5 37. Rxc7 Rxc7 38. Nxc7 Bxb3 39. Rxa5 Nc4 40. Rb5 Nxb2 41. Rxb3 Rxd4 42. Bxf5 1-0

[Event "EU-Cup 19th"]
[Site "Rethymno"]
[Date "2003.10.04"]
[Round "7.2"]
[White "Kelly, Brian"]
[Black "Berndt, Stephan"]
[Result "1/2-1/2"]
[WhiteElo "2487"]
[BlackElo "2462"]
[PlyCount "58"]
[EventDate "2003.09.28"]
[EventType "team-swiss"]
[EventRounds "7"]
[EventCountry "GRE"]
[SourceTitle "CBM 098"]
[Source "ChessBase"]
[SourceDate "2004.02.03"]
[SourceVersion "1"]
[SourceVersionDate "2004.02.03"]
[SourceQuality "1"]
[WhiteTeam "Barbican"]
[BlackTeam "Berlin SF"]
[WhiteTeamCountry "ENG"]
[BlackTeamCountry "GER"]

1. c4 e5 2. g3 Nc6 3. Bg2 g6 4. Nc3 Bg7 5. d3 d6 6. e4 Nge7 7. Nge2 0-0 8. 0-0 f5 9. a3 Kh8 10. Bd2 Be6 11. Nd5 Qd7 12. Rc1 Rf7 13. f3 Raf8 14. Be3 Nd8 15. Qd2 Nc8 16. exf5 Bxf5 17. d4 Bh3 18. Bh6 Bxh6 19. Qxh6 Bxg2 20. Kxg2 Nc6 21. Qd2 N8e7 22. Nxe7 Qxe7 23. d5 Nb8 24. Nc3 Nd7 25. Ne4 Rf5 26. Qe3 b6 27. b4 Nf6 28. h4 Nxe4 29. fxe4 Rxf1 1/2-1/2